| 000 | 00000nam##2200000za#4500 |
| 001 | 9.570020 |
| 003 | CaOODSP |
| 005 | 20210624182037 |
| 007 | cr ||||||||||| |
| 008 | 150406|2005||||xxc|||||o f|0| 0 eng|d |
| 040 | |aCaOODSP|beng |
| 043 | |an-cn--- |
| 086 | 1 |aNH18-1-2/173-2005E-PDF |
| 110 | 2 |aCanada Mortgage and Housing Corporation. |
| 245 | 10|aRelationship between moisture content and mechanical properties of gypsum sheathing : |h[electronic resource]|bfinal report / |c[by] Alex McGowan and Martin Gevers. |
| 246 | 1 |iAdditional title (within publication) : |aRelationship between moisture content and mechanical properties of gypsum sheathing. Phase II, final report |
| 260 | |aOttawa - Ontario : |bCanada Mortgage and Housing Corporation |cJanuary 31, 2005 and March 23, 2006 (main reports), February 2007 (Research highlight). |
| 300 | |a125p.|bfigs., graphs, references, tables, photographs |
| 490 | 1 |aResearch report |
| 500 | |aIncludes, p.92-124 of 125: Relationship between moisture content and mechanical properties of gypsum sheathing. Phase II, final report (March 23, 2006). Includes: Research highlight (Technical series 07-100, February 2007) under the same title. Y compris : Le point en recherche (Série technique 07-100, février 2007) sous le titre « Relation entre la teneur en eau et les propriétés mécaniques des revêtements muraux intermédiaires en plaques de plâtre ». |
| 546 | |a(Le pointe en recherche en français. Résumés en français.) |
| 590 | |a11-26-Supp|b2011-11-03 |
| 720 | 1 |aMcGowan, Alex |
| 720 | 1 |aGevers, Martin |
| 830 | #0|aResearch report (Canada Mortgage and Housing Corporation : Online)|w(CaOODSP)9.506068 |
| 856 | 40|ahttp://publications.gc.ca|qPDF|s1.54 MB|uhttps://publications.gc.ca/collections/collection_2011/schl-cmhc/nh18-1-2/NH18-1-2-173-2005-eng.pdf |